| 000 | 01216nam a2200241Ia 4500 | ||
|---|---|---|---|
| 001 | 19450 | ||
| 003 | GE_BSU | ||
| 008 | 181216s||||||||xx |||||||||||||| ||und|| | ||
| 040 | _cGE_BSU | ||
| 080 | _a811.353'373.6 | ||
| 245 | _aეტიმოლოგიური ძიებანი | ||
| 245 | _b[კრებული] | ||
| 245 | _cსარედ. კოლ:ა.არაბული,გ.თოფურია და სხვ. რედ: ქ. ლომთათიძე | ||
| 250 | _aსაქ. სსრ მეცნ. აკად., ენათმეცნ. ინ-ტი | ||
| 260 | _aთბილისი | ||
| 260 | _bმეცნიერება | ||
| 260 | _c1987 | ||
| 300 | _a111გვ; 20სმ. | ||
| 541 | _h1ლ.80თ. | ||
| 653 | _a- ქართველური ენების ეტიმოლოგია; ქართული ენის ეტიმოლოგია; ქართველური ენების ისტორიული ლექსიკოლოგია; ქართველური ენების შედარებითი ლექსიკოლოგია; | ||
| 653 | _aქართული ენა | ||
| 942 | _cBK | ||
| 999 |
_c52428 _d52428 |
||